Funkcionální rovnice /

Salvato in:
Dettagli Bibliografici
Autore principale: Neuman, František (Autore)
Natura: Libro
Pubblicazione: Praha : SNTL, 1986
Tags: Aggiungi Tag
Nessun Tag, puoi essere il primo ad aggiungerne!!

MARC

LEADER 00000nam a22000003a 4500
001 stu19929
005 20150617225752.2
008 ------s1986----cs----------------------d
040 |a STU  |b slo 
041 0
044 |a cs 
080 |a 517.968.25 
100 1 |a Neuman, František  |4 aut 
245 1 |a Funkcionální rovnice /  |c [aut.]Neuman,František 
260 |a Praha :  |b SNTL,  |c 1986 
300 |a 104 s :  |b Lit.,index 
996 |b C78886  |c C*78886  |l CCXIV  |s P  |a 0  |w stu19929_0001